|
|
|
|
| LEADER |
00669nam a22001817a 4500 |
| 005 |
20151215125156.0 |
| 008 |
091106t xxu||||| |||| 00| 0 eng d |
| 082 |
|
|
|a 647.940 681
|b MAL
|
| 100 |
|
|
|a Malhotra, P.K.
|9 7769
|
| 245 |
|
|
|a Financial management in the hotel & restaurant industry
|
| 300 |
|
|
|a viii, 361p.
|
| 490 |
|
|
|a Encyclopaedia of hotel management and tourism series
|
| 653 |
|
|
|a Financial management
|
| 942 |
|
|
|c BK
|6 _
|
| 260 |
|
|
|a New Delhi
|b Anmol publications
|c 1998
|
| 020 |
|
|
|a 8174887083
|
| 999 |
|
|
|c 98758
|d 98758
|
| 952 |
|
|
|0 0
|1 0
|2 ddc
|4 0
|6 647940_681MAL
|7 0
|9 124428
|a SMS
|b SMS
|c GEN
|d 2009-11-06
|l 1
|o 647.940 681 MAL
|p SMS021163
|r 2012-09-17
|s 2012-08-14
|w 2009-11-06
|y BK
|